000 00582nam a22002177a 4500
003 BCEG
005 20260319105810.0
008 260319s2017 mx |||||||||||||||f|spa|d
020 _a9786073150125
040 _aBCEG
_bspa
_cBCEG
082 0 4 _a813.54
_bM148a
100 1 _aMcGuire, Jamie,
_d1978-.
245 1 0 _aMaravillosa liberación.
260 _aMéxico :
_bPenguin Random House,
_c2017.
300 _a348 p.
490 _aSuma de Letras.
534 _pTítulo original:
_tBeautiful redemption.
541 _aDonación.
650 1 4 _aNovela estadounidense.
942 _cBK
999 _c437114
_d437114